Monique (Registro nro. 310453)

Detalles MARC
000 -ENCABEZADO
Número de control [NR] 01798nam a22002897a 4500
005 - FECHA Y HORA DE LA ÚLTIMA TRANSACCIÓN
control field 20190304112835.0
008 - DE LONGITUD FIJA DE DATOS DE ELEMENTOS - INFORMACIÓN GENERAL
Elementos de longitud fija [NR] 140429n fr ||||fr|||| 001 f fre d
040 ## - FUENTE DE CATALOGACION [NR]
Quien Cataloga Sandra Yazo
Quien Clasifica Sandra Yazo
041 0# - CODIGO DE IDIOMA [R]
Código de idioma para texto/pista de sonido o título separado [R] Francés
082 04 - NUMERO DE CLASIFICACION DECIMAL DEWEY [R]
Número de la edición [NR] 843.3
Número de clasificación [R] 20
092 ## - SIGNATURA TOPOGRAFICA LOCAL
Número de clasificación local E47N020
100 1# - ASIENTO PRINCIPAL--NOMBRE PERSONAL [NR]
Nombre personal [NR] Bourget, Paul
Fechas asociadas con el nombre [NR] 1852-1935
ID Autoridad 60359
242 00 - TRADUCCION DEL TITULO POR LA AGENCIA CATALOGADORA [R]
Título [NR] Mónica
Mención de responsabilidad, etc. [NR] Pablo Bourget
Código de idioma del título traducido [NR] spa
Parte restante del título [NR] Los detalles. Reconocimiento. Tres relatos bélicos
245 10 - MENCION DE TITULO [NR]
Título [NR] Monique
Mención de responsabilidad, etc. [NR] Paul Bourget
Parte restante del título [NR] Les Gestes. Reconnaisance. Trois récits de guerre
250 ## - MENCION DE EDICION [NR]
Mención de edición [NR] Édition définitive [Edición definitiva]
260 ## - PUBLICACION, DISTRIBUCION, ETC. (PIE DE IMPRENTA) [R]
Lugar de publicación, distribución, etc. [R] París (Francia)
Nombre del editor, distribuidor, etc. [R] Librairie Plon ; Plon-Nourrit et Cie. [Librería Plon ; Plon-Nourrit y Compañía]
Fecha de publicación, distribución, etc. [R] [fecha desconocida]
300 ## - DESCRIPCION FISICA [R]
Extensión [R] 328 páginas
Dimensiones [R] 18 x 12 cm.
500 ## - NOTA GENERAL [R]
Nota general [NR] Detalles físicos: Encuadernación rígida (holandesa) en cartón forrado en papel jaspeado. Lomo de tela texturizada, con adornos en dorado. Guardas. Hoja de cortesía. Anteportada. Portada impresa en una sola tinta con un grabado con marca tipográfica. Texto impreso en una sola columna. Índice. Bordes del papel con oxidación. Tapas con residuos de cinta pegante. Incluye varias obras en un mismo volumen. Portadas con sellos de tinta (BOGOTÁ. Librería Colombiana. Camacho Roldán & Tamayo)
505 0# - NOTA DE CONTENIDO CON FORMATO PREESTABLECIDO [R]
Nota de contenido con formato preestablecido [NR] Mónica: Interior de artista ; El sillón abarquillado ; La sospecha ; La prueba ; Francisca Franquetot ; Explicaciones -- Los detalles – Reconocimiento -- Tres relatos bélicos: Un amigo de infancia ; Bob Milner ; Un jefe
506 ## - NOTA DE RESTRICCIONES DE ACCESO [R]
Condiciones de acceso [NR] Consulta en sala
546 ## - NOTA DE IDIOMA [R]
Nota de idioma [NR] Texto en francés
650 #7 - ASIENTO SECUNDARIO DE MATERIA - TERMINO TEMATICO [R]
9 (RLIN) 7794
Término temático o nombre geográfico como elemento de entrada [NR] Literatura francesa
650 #7 - ASIENTO SECUNDARIO DE MATERIA - TERMINO TEMATICO [R]
9 (RLIN) 20506
Término temático o nombre geográfico como elemento de entrada [NR] Novela francesa
Subdivisión cronológica [R] Siglo XIX - XX
650 #7 - ASIENTO SECUNDARIO DE MATERIA - TERMINO TEMATICO [R]
9 (RLIN) 23487
Término temático o nombre geográfico como elemento de entrada [NR] Relatos franceses
Subdivisión cronológica [R] Siglo XIX - XX
690 ## - ASUNTO AGREGADO LOCAL DE ENTRADA - TÉRMINO TEMÁTICO (OCLC, RLIN)
Acceso temático local Literatura europea
9 (RLIN) 26524
942 ## - ELEMENTOS DE ENTRADA AGREGADOS (KOHA)
Tipo de ítem principal el descrito en 300a Libro
Edición 1
Sistema de clasificación LOCAL
Clasificación E47N020
Existencias
Suprimido Perdido Sistema de clasificación Dañado No prestable Tipo de ítem específico Ubicación habitual Ubicación actual Localización Fecha de creación Forma de adquisición Costo Total préstamos Signatura topográfica Código de barras Última vez visto Ejemplar Price effective from Tipo de ítem
    LOCAL     Libro archivo Archivo Histórico Archivo Histórico Archivo histórico 21/08/2018 Donación 0.00   E47N020 L006697 21/08/2018 Ej.1 21/08/2018 Libro